Polytechnic general science / (Record no. 119)
[ view plain ]
| 000 -LEADER | |
|---|---|
| fixed length control field | 00474cam a2200205ua 4500 |
| 041 ## - LANGUAGE CODE | |
| Language code of text/sound track or separate title | eng |
| 082 ## - DEWEY DECIMAL CLASSIFICATION NUMBER | |
| Classification number | 500.2 |
| Item number | MAD/PO |
| 100 ## - MAIN ENTRY--AUTHOR NAME | |
| Personal name | Madhu, . |
| 245 ## - TITLE STATEMENT | |
| Title | Polytechnic general science / |
| 250 ## - EDITION STATEMENT | |
| Edition statement | 1 / |
| 260 ## - PUBLICATION, DISTRIBUTION, ETC. (IMPRINT) | |
| Place of publication | Trichur : |
| Name of publisher | T.D.Warrier , |
| Year of publication | 1965. |
| 300 ## - PHYSICAL DESCRIPTION | |
| Number of Pages | ; . |
| 700 1# - ADDED ENTRY--PERSONAL NAME | |
| Personal name | Moideen, . |
| 942 ## - ADDED ENTRY ELEMENTS (KOHA) | |
| Koha item type | Books |
| Withdrawn status | Lost status | Damaged status | Home library | Current library | Date acquired | Full call number | Accession Number | Koha item type |
|---|---|---|---|---|---|---|---|---|
| Withdrawn | Damaged | KAUAET | KAUAET | 07/04/2012 | 500.2 | 8328 | Books | |
| Withdrawn | KAUAET | KAUAET | 07/04/2012 | 500.2 | 8321 | Books | ||
| Withdrawn | KAUAET | KAUAET | 05/02/2021 | 500.2 MAD/PO | 8322 | Books | ||
| Withdrawn | KAUAET | KAUAET | 05/02/2021 | 500.2 MAD/PO | 8323 | Books | ||
| Withdrawn | KAUAET | KAUAET | 05/02/2021 | 500.2 MAD/PO | 8330 | Books | ||
| Withdrawn | KAUAET | KAUAET | 05/02/2021 | 500.2 MAD/PO | 8332 | Books |
